01246nam a2200325 a 4500001001100000003000800011006001900019007001500038008004100053010001700094020002200111040002100133035002000154050002300174082001500197100004400212245007900256250001300335260004400348300002600392490004000418504006400458533015200522650001900674655002900693710001700722830004100739856012500780999001500905ebr5003259CaPaEBRm u cr cn|||||||||930312s1993 enka sb 001 0 eng  z 93019013  z0415100313 (pbk.) aCaPaEBRcCaPaEBR a(OCoLC)5001670614aBF161b.A72 1993eb04a128/.22201 aArmstrong, D. M.q(David Malet),d1926-12aA materialist theory of the mindh[electronic resource] /cD.M. Armstrong. aRev. ed. aLondon ;aNew York :bRoutledge,c1993. axxiii, 375 p. :bill.1 aInternational library of philosophy aIncludes bibliographical references (p. 367-369) and index. aElectronic reproduction.bPalo Alto, Calif. :cebrary,d2013.nAvailable via World Wide Web.nAccess may be limited to ebrary affiliated libraries. 0aMind and body. 7aElectronic books.2local2 aebrary, Inc. 0aInternational library of philosophy.40uhttp://site.ebrary.com/lib/rucke/Doc?id=5003259zAn electronic book accessible through the World Wide Web; click to view c1843d1843